000 00653nam a2200193 a 4500
005 20200104041531.0
008 140121b1999 ck ||||| |||| 00| 0 spa d
041 _aspa
044 _ack
090 _aIAvH
_b00169
110 _bInstituto de Investigación de Recursos Biológicos Alexander von Humboldt
_9204
245 _aBase de datos de conocimiento tradicional y uso de recursos biológicos en Colombia
_bprimera fase
260 _aBogotá
_bInstituto Alexander von Humboldt
_c1999
300 _a50
650 _aUso de biodiversidad
_9343
650 _aBases de datos
_927830
650 _aConocimiento tradicional
_992244
942 _cINFORME
_2z
_01
999 _c2353
_d2353